000 00813nam a2200241 i 4500
001 187108
003 ES-MaACL
005 20250812031813.0
008 170418s1951 xxuae c |||| | eng d
080 _a7.033
110 2 _aCloisters (Museo)
_9162392
245 1 4 _aThe Cloisters
_b: the building and the collection of mediaeval art, in Fort Tryon Park /
_cby James J. Rorimer.
246 3 0 _iPrecede al tít.
_aThe Metropolitan Museum of Art
250 _a11th ed.
260 _aNew York :
_b[s.n.],
_c1951 (
_fThe Plantin Press)
300 _aXXXVII, 159 p. :
_bil., planos ;
_c22 cm.
500 _aÍndices.
650 7 _aArte medieval
_2embne
_9135618
700 1 _aRorimer, James J.
_9162391
710 2 _aMetropolitan Museum of Art.
_95692
852 _aES-MaACL
_jL-31430
999 _c187108
_d187108